Beszédmódok a szerelemről
Elmentve itt :
| Szerző: | |
|---|---|
| Testületi szerző: | |
| Dokumentumtípus: | Könyv része |
| Megjelent: |
2013
|
| Sorozat: | Lábjegyzetek Platónhoz
11 A szerelem 11 |
| Kulcsszavak: | Szerelem - filozófia, Irodalomelmélet |
| Tárgyszavak: | |
| Online Access: | http://acta.bibl.u-szeged.hu/49254 |
| LEADER | 00831naa a2200241 i 4500 | ||
|---|---|---|---|
| 001 | acta49254 | ||
| 005 | 20220107111238.0 | ||
| 008 | 170724s2013 hu o 0|| hun d | ||
| 020 | |a 978 963 88812 5 0 | ||
| 022 | |a 1785 7082 | ||
| 040 | |a SZTE Egyetemi Kiadványok Repozitórium |b hun | ||
| 041 | |a hun | ||
| 100 | 1 | |a Weiss János | |
| 245 | 1 | 0 | |a Beszédmódok a szerelemről |h [elektronikus dokumentum] / |c Weiss János |
| 260 | |c 2013 | ||
| 300 | |a 23-34 | ||
| 490 | 0 | |a Lábjegyzetek Platónhoz |v 11 | |
| 490 | 0 | |a A szerelem |v 11 | |
| 650 | 4 | |a Bölcsészettudományok | |
| 650 | 4 | |a Filozófia, etika és vallástudományok | |
| 695 | |a Szerelem - filozófia, Irodalomelmélet | ||
| 710 | |a Lábjegyzetek Platónhoz: A szerelem (2012) (Szeged) | ||
| 856 | 4 | 0 | |u http://acta.bibl.u-szeged.hu/49254/1/platonhoz_011_023-034.pdf |z Dokumentum-elérés |